Well-Known Movie by Tough Image VI Quiz Stats

 Plays Quiz Updated Mar 16, 2016

Challenge
Share
Tweet
Score 0/24 Timer 08:00
2 Plays Today
% Correct
Finding Nemo
90.3%
The Dark Knight Rises
60.2%
Star Wars: Episode VI - Return of the Jedi
59.3%
Alien
55.6%
The Mummy
54.2%
Kung Fu Panda
51.4%
Skyfall
47.2%
The Usual Suspects
41.6%
X-Men: First Class
41%
The Terminator
40%
Tropic Thunder
35.7%
The 40-Year-Old Virgin
35.2%
% Correct
The Social Network
34.2%
Bruce Almighty
31.9%
Knocked Up
30.1%
Silver Linings Playbook
29.3%
The Godfather Part II
28.3%
The Sixth Sense
28%
Catch Me If You Can
27%
American Beauty
26.7%
The Untouchables
24.9%
The Exorcist
23.9%
Braveheart
22.2%
The Big Lebowski
18.8%

You're not logged in!

Compare scores with friends on all Sporcle quizzes.
OR
Log In

You Might Also Like...

Show Comments

Extras

Top Quizzes Today


Score Distribution

Your Account Isn't Verified!

In order to create a playlist on Sporcle, you need to verify the email address you used during registration. Go to your Sporcle Settings to finish the process.

Report this User

Report this user for behavior that violates our Community Guidelines.

Details: